000
00261nam a22000977a 4500
999
_c
516814
_d
516814
082
_a
TNC
100
_a
Srinath, C. N. (ed.)
_9
23530
245
_a
Nobel laureates in literature
_c
edited by C. N. Srinath
260
_a
Mysore
_b
Dhvanyaloka Pub.
_c
2007
300
_a
133p.